000 00357 a2200109 4500
001 ART_18820
005 20260410161920.0
008 260409a
245 1 0 _aSituación jurídica del trabajador extranjero en la Argentina
100 1 _aCapon Filas, Rodolfo E.
773 0 _tLa información
_g- Tomo XXXVIII, Nº 584 (ago. 1978)
_wREV14902
999 _c27639
_d27639